Diagnóstico de cardiopatía isquemica : (Registro nro. 29479)

Detalles MARC
000 -CABECERA
Longitud fija campo de control 01132nam a2200229 a 4500
003 - • IDENTIFICADOR DELl NÚMERO DE CONTROL
Identificador del número de control CO-ViMGA
008 - • CÓDIGOS DE INFORMACIÓN DE LONGITUD FIJA
Códigos de información de longitud fija 141112s2004 ck r 000 u spa d
020 ## - • NÚMERO INTERNACIONAL NORMALIZADO PARA LIBROS
Número Internacional Normalizado para Libros (ISBN) 9687157860
040 ## - FUENTE DE LA CATALOGACIÓN
Centro catalogador de origen CO-ViMGA
Lengua de catalogación spa
Centro transcriptor CO-ViMGA
082 04 - • NÚMERO DE LA CLASIFICACIÓN DECIMAL DEWEY
Número de clasificación (R) 616.12 V17d
100 1# - • PUNTO DE ACCESO PRINCIPAL-NOMBRE DE PERSONA
Nombre de persona Vargas Barón, Jesús; Martínez Ríos, Marco A.
245 10 - • TITULO PROPIAMENTE DICHO
Título Diagnóstico de cardiopatía isquemica :
Resto del título Un enfoque multidisciplinario
300 ## - • DESCRIPCIÓN FÍSICA
Extensión 349p
505 ## - • NOTA DE CONTENIDO CON FORMATO
Nota de contenido con formato El electrocardiograma en la cardiopatía isquemica y la electrocardiografía de alta resolución 35 - - Ecocardiografía en la cardiopatía isquemica e infarto agudo del miocardio 101 - - Cardiología nuclear y cardiopatía isquemica 161 - - La arteriografía coronaria en el diagnóstico de la cardiopatía isquemica 275
590 ## - NOTAS LOCALES
Nota local Forma de adquisición : Compra fact.0534 - - Precio : 155000 - - Proveedor : Temas y libros - - Fecha de adquisición : Marzo 2006
650 14 - • PUNTO DE ACCESO ADICIONAL DE MATERIA - TÉRMINO DE MATERIA
Término de materia o nombre geográfico como elemento inicial ENFERMEDADES CARDIACAS
650 14 - • PUNTO DE ACCESO ADICIONAL DE MATERIA - TÉRMINO DE MATERIA
Término de materia o nombre geográfico como elemento inicial ENFERMEDADES CARDIOVASCULARES
650 14 - • PUNTO DE ACCESO ADICIONAL DE MATERIA - TÉRMINO DE MATERIA
Término de materia o nombre geográfico como elemento inicial ISQUEMIA MIOCARDICA
942 ## - ENTRADA DE ELEMENTOS AGREGADOS (KOHA)
Fuente de clasificaión o esquema Dewey Decimal Classification
Koha [por defecto] tipo de item LIbro
Existencias
Perdido Fuente de clasificación o esquema Estado Físico No para préstamo Forma de adquisición Localización permanente Localización actual Fecha adquisición Serie de enumeración / cronolog&íacute;a Préstamos totales Signatura completa Código de barras Fecha última consulta Número de copia Fecha del precio de reemplazo Tipo de item de Koha
  Dewey Decimal Classification     Sala Especializada Tercer Piso Biblioteca Pública Germán Arciniegas - Villavicencio Biblioteca Pública Germán Arciniegas - Villavicencio 12/04/2015 Volumen. 1 | 11/jun/2009   616.12 V17d 20485 12/04/2015 Ej. 1 12/04/2015 LIbro









Instituto Departamental de Cultura del Meta - Red Departamental de Bibliotecas Públicas del Meta.